Degree theory for operators of monotone type and nonlinear elliptic equations with inequality constraints /

Guardado en:
Autor Principal: Aizicovici, Sergiu, 1948-
Otros Autores: Papageorgiou, Nikolaos Socrates., Staicu, Vasile.
Formato: Libro
Idioma:English
Publicado: Providence, R.I. : American Mathematical Society, 2008.
Series:Memoirs of the American Mathematical Society ; no. 915.
Materias:
Acceso en línea:Table of contents only
Etiquetas: Agregar Etiqueta
Sin Etiquetas, Sea el primero en etiquetar este registro!
LEADER 01517cam a2200349 a 4500
001 MAT.inmabb006121
008 080708s2008####riu######b####000#0#eng##
005 20171010174314.0
245 1 0 |a Degree theory for operators of monotone type and nonlinear elliptic equations with inequality constraints /  |c Sergiu Aizicovici, Nikolaos S. Papageorgiou, Vasile Staicu. 
260 |a Providence, R.I. :  |b American Mathematical Society,  |c 2008. 
300 |a vi, 70 p. ;  |c 26 cm. 
490 1 |a Memoirs of the American Mathematical Society,  |x 0065-9266 ;  |v no. 915 
500 |a "November 2008, volume 196, number 915 (second of 5 numbers)." 
504 |a Incluye referencias bibliográficas (p. 69-70). 
510 4 |a MR,  |c 2010c:47211 
020 |a 9780821841921 (alk. paper) 
020 |a 0821841920 (alk. paper) 
100 1 |a Aizicovici, Sergiu,  |d 1948- 
700 1 |a Papageorgiou, Nikolaos Socrates. 
700 1 |a Staicu, Vasile. 
830 0 |a Memoirs of the American Mathematical Society ;  |v no. 915. 
650 0 |a Differential equations, Elliptic. 
650 0 |a Differential equations, Nonlinear. 
650 0 |a Variational inequalities (Mathematics) 
650 0 |a Topological degree. 
650 0 |a Monotone operators. 
084 |a 47H11 (35J60 47J05 47N20 58C30)  |2 msc2000 
010 |a  2008030040 
016 7 |a 014822490  |2 Uk 
040 |a DLC  |c DLC  |d YDX  |d BTCTA  |d YDXCP  |d OCLCQ  |d UKM  |d DLC 
856 4 1 |3 Table of contents only  |u http://www.loc.gov/catdir/toc/ecip0824/2008030040.html 
859 |k H  |p MAMS-915  |b BIB. MATEMATICA